| 000 | 00763nam a2200205Ii 4500 | ||
|---|---|---|---|
| 003 | JO-AjNU | ||
| 008 | 230605s9999||||xx |||||||||||||| ||und|| | ||
| 040 |
_aJO-AjNU _bara _erda _cJO-AjNU |
||
| 041 | _aara | ||
| 050 | 1 | 4 | _aPR6518.A7.N39 2005 |
| 100 | 3 |
_aالقدسي، رجب إبراهيم, _eauthor _924001 |
|
| 245 | 0 | 0 | _aعمر الخيام: بين الكفر والإلحاد |
| 250 | _aط1 | ||
| 264 | 3 | 1 | _aعمان: جهينة للنشر والتوزيع، 2005 ؛ عمان: أكاديميا للنشر والتوزيع، 2005 |
| 300 | _a84ص | ||
| 336 |
_atext _btxt _2rdacontent |
||
| 337 |
_aunmediated _bn _2rdamedia |
||
| 338 |
_avolume _bnc _2rdacarrier |
||
| 650 | 4 |
_aالشعراء الإيرانيون - تراجم - عمر الخيام _924002 |
|
| 999 |
_aA8771 _c12339 _d12339 |
||